|
|
|
|
| LEADER |
00890nab a2200241 i 4500 |
| 001 |
misc65348 |
| 005 |
20231016091149.0 |
| 008 |
230809s1970 hu o 0|| ger d |
| 040 |
|
|
|a SZTE Miscellanea Repozitórium
|b hun
|
| 041 |
|
|
|a ger
|
| 100 |
1 |
|
|a Hazai György
|
| 245 |
1 |
0 |
|a Zu einigen Fragen der Bearbeitung türkischer Sprachdenkmäler
|h [elektronikus dokumentum] /
|c Hazai György
|
| 260 |
|
|
|c 1970
|
| 300 |
|
|
|a 125-140
|c 24 cm
|
| 300 |
|
|
|a [16] p.
|c 24 cm
|
| 490 |
0 |
|
|a Proceedings of the XIth meeting of the Permanent International Altaistic Conference : held in Hørsholm, Denmark, June 2-6, 1968
|
| 561 |
|
|
|a Németh Gyula hagyaték
|
| 591 |
|
|
|a NOA 6560
|
| 650 |
|
4 |
|a Bölcsészettudományok
|
| 650 |
|
4 |
|a Nyelvek és irodalom
|
| 695 |
|
|
|a Nyelvemlék - török
|
| 700 |
0 |
1 |
|a Zieme Péter
|e aut
|
| 856 |
4 |
0 |
|u http://misc.bibl.u-szeged.hu/65348/1/6560_noa.pdf
|z Dokumentum-elérés
|